Normal view
MARC view
- إصلاح الداري - العالم العربي ، أعمال مؤتمرات - تنمية إدارية - العالم العربي ، أعمال مؤتمرات
Entry Topical Term
001 - CONTROL NUMBER
- control field: 32896
003 - CONTROL NUMBER IDENTIFIER
- control field: JO-AjAnu
005 - DATE AND TIME OF LATEST TRANSACTION
- control field: 20230606075526.0
008 - FIXED-LENGTH DATA ELEMENTS
- fixed length control field: 230606|| aca||aabn | a|a d
040 ## - CATALOGING SOURCE
- Original cataloging agency: JO-AjAnu
- Transcribing agency: JO-AjAnu
150 ## - HEADING--TOPICAL TERM
- Topical term or geographic name entry element: إصلاح الداري - العالم العربي ، أعمال مؤتمرات - تنمية إدارية - العالم العربي ، أعمال مؤتمرات
670 ## - SOURCE DATA FOUND
- Source citation: Work cat.: (JO-AjAnu)16900: الاجتماع الوزاري حول التنمية الإدارية والإصلاح الإداري لدعم برامج التنمية والإصلاح الإقتصادي في البلاد العربية, author 32895, الإصلاح الإداري لدعم سياسات الإصلاح الاقتصادي في البلاد العربية